Chủ nghĩa hiện thực trong văn học thời kì phục hưng với Shakespeare và đỉnh cao của nó Luận văn tốt nghiệp Đại học Sư phạm ngành Văn Khóa 02

Saved in:
Bibliographic Details
Main Author: Trần Chí Hồng Phương
Format: Book
Language:Undetermined
Subjects:
Tags: Add Tag
No Tags, Be the first to tag this record!
Institutions: Trung tâm Học liệu Trường Đại học Cần Thơ
LEADER 00685nam a2200157Ia 4500
001 CTU_26764
008 210402s9999 xx 000 0 und d
082 |a 809 
082 |b Ph561/1980 
100 |a Trần Chí Hồng Phương 
245 0 |a Chủ nghĩa hiện thực trong văn học thời kì phục hưng với Shakespeare và đỉnh cao của nó 
245 0 |b Luận văn tốt nghiệp Đại học Sư phạm ngành Văn Khóa 02 
245 0 |c Trần Chí Hồng Phương 
650 |a european literature - history and criticism 
904 |i Nguyễn Quang Điền, 981020 
980 |a Trung tâm Học liệu Trường Đại học Cần Thơ